000 00394nam a2200157Ia 4500
005 20240807062508.0
008 240806s9999||||xx |||||||||||||| ||eng||
041 _aeng
082 _a891.431009
_bJAYS
100 _aNizamuddeen Ansari
245 0 _aSufi kavi jayasi ka prem nirupan /
_cNizamuddeen Ansari
260 _bPustak Sansthan Kanpur
300 _a0
650 _aHindi
942 _cBK
999 _c20674
_d20674